000 00497nam a2200145 4500
008 240311b |||||||| |||| 00| 0 eng d
082 _a341.486
_bGOM
100 _aGomez, Mario
245 _aNational human rights commission and internally displaced people:
_billustrated by Sri Lankan experience
260 _aWashington:
_bThe Brookings-SAIS project on internal displacement,
_c[2002]
300 _a36 p.
440 _aOccassiobal paper
650 _aINTERNAL DISPLACEMENT-Sri Lanka
942 _cRP
999 _c4855
_d4855